[Event "Sparkassen-Open A"]
[Site "Heusenstamm, Martinsee"]
[Date "2022.11.18"]
[Round "2.25"]
[White "Förster, Erik"]
[Black "Calvi, Stefan"]
[Result "1-0"]
[WhiteElo "2175"]
[BlackElo "2016"]
[PlyCount "97"]
[EventDate "2022.??.??"]
[WhiteTeam "Sfr.Heidesheim"]
[BlackTeam "SV Oberursel"]

1. d4 Nf6 2. g3 c5 3. dxc5 e6 4. Bg2 Bxc5 5. Nf3 O-O 6. c4 d5 7. cxd5 exd5 8.
O-O h6 9. Nc3 Nc6 10. a3 a5 11. Qb3 Qe7 12. Nxd5 Nxd5 13. Qxd5 Rd8 14. Qc4 Be6
15. Qe4 Qf6 16. Qc2 Ba7 17. Bd2 Rac8 18. Bc3 Qe7 19. e3 b5 20. Qe4 f5 21. Qh4
Qf7 22. Rfd1 Rxd1+ 23. Rxd1 Bc5 24. Ne5 Nxe5 25. Rd8+ Rxd8 26. Qxd8+ Kh7 27.
Bxe5 a4 28. Bc6 Bc4 29. h4 Qe7 30. Qxe7 Bxe7 31. h5 g6 32. hxg6+ Kxg6 33. Be8+
Kh7 34. Kg2 Bd5+ 35. Kf1 Bc4+ 36. Ke1 Kg8 37. Kd2 b4 38. axb4 Bxb4+ 39. Bc3 a3
40. bxa3 Bxa3 41. Bd7 f4 42. gxf4 Kf7 43. Bf5 Bd6 44. Bd3 Bd5 45. Ke2 Bc6 46.
f3 h5 47. Bd4 Bd7 48. Kf2 h4 49. f5 1-0

[Event "Sparkassen-Open A"]
[Site "Heusenstamm, Martinsee"]
[Date "2022.11.18"]
[Round "2.26"]
[White "Li, Maxim"]
[Black "Hinrichs, Paul"]
[Result "0-1"]
[WhiteElo "1966"]
[BlackElo "2172"]
[PlyCount "98"]
[EventDate "2022.??.??"]
[WhiteTeam "Wiesbadener SV 1885"]
[BlackTeam "Sfr.Heidesheim"]

1. e4 e5 2. Bc4 Nf6 3. d4 Nc6 4. d5 Ne7 5. Nc3 Ng6 6. h4 Bb4 7. h5 Ne7 8. f3 h6
9. Be3 Bxc3+ 10. bxc3 d6 11. g4 c6 12. Qd3 Qa5 13. O-O-O b5 14. Bb3 cxd5 15.
exd5 Bb7 16. Ne2 Nfxd5 17. Bd2 O-O-O 18. Kb2 Kb8 19. c4 bxc4 20. Bxa5 cxd3 21.
Rxd3 Nb6 22. Rhd1 d5 23. c4 d4 24. c5 Nc6 25. Be1 Nd7 26. Rc1 Nb4 27. Bxb4 Bc6
28. Ng3 g6 29. Bxf7 gxh5 30. Bxh5 e4 31. Rxd4 Ne5 32. Rxd8+ Rxd8 33. Rc2 exf3
34. Nf1 Be4 35. Rh2 Rd1 36. Nd2 f2 37. Rxf2 Nd3+ 38. Kc3 Nxf2 39. Nxe4 Nxe4+
40. Kc4 Nf6 41. Bf7 Nxg4 42. Kb5 Ne5 43. Be6 Rb1 44. a3 h5 45. Ka6 Nd3 46. Kb5
Nxb4 47. axb4 Kc7 48. Bd5 h4 49. Ka4 h3 0-1

[Event "Sparkassen-Open A"]
[Site "Heusenstamm, Martinsee"]
[Date "2022.11.18"]
[Round "2.27"]
[White "Wolf, Ulrich Martin"]
[Black "Richter, Gerald"]
[Result "1-0"]
[WhiteElo "2182"]
[BlackElo "2006"]
[PlyCount "73"]
[EventDate "2022.??.??"]
[WhiteTeam "SK Bad Homburg 1927"]
[BlackTeam "Siegener SV 1878"]

1. d4 d5 2. Nf3 Nf6 3. c4 c6 4. Nc3 e6 5. e3 Nbd7 6. Bd3 dxc4 7. Bxc4 b5 8. Bd3
a6 9. a4 b4 10. Ne4 c5 11. a5 Bb7 12. Ned2 cxd4 13. exd4 Be7 14. O-O O-O 15.
Re1 h6 16. Nc4 Nd5 17. Bd2 N7f6 18. Nfe5 Re8 19. Qf3 Bf8 20. Rad1 Rb8 21. Qh3
b3 22. Bb1 Ba8 23. Bc1 Qc7 24. Rd3 Rb4 25. Rg3 Rxc4 26. Bxh6 Rc8 27. Nxc4 Qxc4
28. Be3 Nxe3 29. fxe3 Be4 30. Qh4 Bxb1 31. Rxb1 Qc2 32. Rf1 Ne4 33. Rh3 f5 34.
g4 Qe2 35. gxf5 Rc2 36. Qxe4 Bd6 37. Qxe6+ 1-0

[Event "Sparkassen-Open A"]
[Site "Heusenstamm, Martinsee"]
[Date "2022.11.18"]
[Round "2.28"]
[White "Nemitz, Alfred"]
[Black "Kardoeus, David"]
[Result "1-0"]
[WhiteElo "1802"]
[BlackElo "2167"]
[PlyCount "165"]
[EventDate "2022.??.??"]
[WhiteTeam "USV Potsdam"]
[BlackTeam "SV Werder Bremen"]

1. d4 Nf6 2. Nf3 g6 3. Bg5 Bg7 4. Nbd2 d5 5. e3 O-O 6. Bd3 b6 7. O-O Bb7 8. Qe2
Ne4 9. Bf4 c5 10. c3 Nd7 11. Ne5 Nxd2 12. Qxd2 Nxe5 13. Bxe5 f6 14. Bg3 e5 15.
Qc2 Qd7 16. Rfd1 Rac8 17. Qe2 c4 18. Bc2 e4 19. Rac1 Rce8 20. b3 Ba6 21. Qd2
Qc6 22. b4 Bb5 23. Ra1 Ba4 24. Rdb1 Qb5 25. Bxa4 Qxa4 26. b5 Re6 27. Rb4 Qa3
28. Qc2 Rf7 29. Qb2 Qxb2 30. Rxb2 f5 31. Re1 g5 32. f4 h6 33. a4 Bf6 34. fxg5
Bxg5 35. Rf2 h5 36. Bf4 Bh4 37. g3 Bf6 38. Ra1 Bd8 39. Kf1 Kg7 40. Ke2 Kg6 41.
Raf1 Ree7 42. h3 a6 43. Ra1 Ra7 44. Rff1 Ra8 45. Rfb1 Kf6 46. a5 bxa5 47. b6
Rb7 48. Rxa5 Ke6 49. Rc5 a5 50. Rbb5 a4 51. Rxd5 a3 52. Re5+ Kf6 53. Rxf5+ Kg6
54. Ra5 Rxb6 55. Rxa8 Rb2+ 56. Kd1 Kxf5 57. Rxa3 Rh2 58. Ra8 Rh1+ 59. Ke2 Bf6
60. Ra5+ Kg6 61. Ra6 Rh2+ 62. Kf1 Kf7 63. Rc6 h4 64. gxh4 Rc2 65. Rxc4 Bxh4 66.
d5 Rf2+ 67. Kg1 Rd2 68. Rd4 Rc2 69. Rxe4 Rxc3 70. Kg2 Bf6 71. Kf3 Kg6 72. Kg4
Rd3 73. d6 Rd1 74. Re8 Kf7 75. Rc8 Ke6 76. Rc5 Rg1+ 77. Kf3 Rf1+ 78. Ke4 Rh1
79. Rh5 Ra1 80. Rh6 Ra4+ 81. Kf3 Kf7 82. d7 Be7 83. Rh8 1-0

[Event "Sparkassen-Open A"]
[Site "Heusenstamm, Martinsee"]
[Date "2022.11.18"]
[Round "2.29"]
[White "Neininger, Ralph"]
[Black "Martin, Reiner"]
[Result "1-0"]
[WhiteElo "2123"]
[BlackElo "1996"]
[PlyCount "79"]
[EventDate "2022.??.??"]
[WhiteTeam "SV Oberursel"]
[BlackTeam "SC Bad Soden"]

1. d4 Nf6 2. c4 c5 3. d5 e6 4. Nc3 exd5 5. cxd5 d6 6. Nf3 g6 7. Nd2 a6 8. a4
Bg7 9. e4 O-O 10. Be2 Re8 11. O-O Nbd7 12. Re1 Qc7 13. f4 Rb8 14. a5 b5 15.
axb6 Rxb6 16. Kh1 h5 17. h3 Nh7 18. Ra3 Bf6 19. Bd3 Bd4 20. Qf3 Bg7 21. Nc4 Rb4
22. e5 Nb6 23. Nxb6 Rxb6 24. e6 Nf8 25. f5 gxf5 26. Qxh5 Rb4 27. Bxf5 Re7 28.
Bg5 f6 29. Bc1 Bb7 30. Rd1 Rd4 31. Be3 Rb4 32. Qe2 Qb6 33. Rd2 a5 34. Ne4 Ba6
35. Qf2 Rb7 36. Nxc5 dxc5 37. Bxc5 Qb5 38. e7 Rc4 39. exf8=Q+ Bxf8 40. Be6+ 1-0

[Event "Sparkassen-Open A"]
[Site "Heusenstamm, Martinsee"]
[Date "2022.11.18"]
[Round "2.30"]
[White "Kürschner, Matthias"]
[Black "Ochs, Daniel Elias"]
[Result "0-1"]
[WhiteElo "1990"]
[BlackElo "2107"]
[PlyCount "94"]
[EventDate "2022.??.??"]
[WhiteTeam "SK Langen"]
[BlackTeam "Wiesbadener SV 1885"]

1. e4 c5 2. Nf3 e6 3. d4 cxd4 4. Nxd4 a6 5. Bd3 Bc5 6. Nf3 d6 7. O-O Nf6 8. c4
O-O 9. Nc3 Nc6 10. b3 h6 11. Bb2 e5 12. h3 Qe7 13. Rc1 Nd4 14. Nd5 Nxd5 15.
cxd5 Nxf3+ 16. Qxf3 Bd7 17. Rc2 Rac8 18. Rfc1 Qg5 19. Kh1 f5 20. exf5 Bxf5 21.
Bxf5 Rxf5 22. Qg4 Rcf8 23. Qxg5 Rxg5 24. f3 Rgf5 25. Re1 h5 26. Re4 Rf4 27.
Rxf4 exf4 28. Re2 Rf5 29. Rd2 g5 30. Kh2 h4 31. Bc3 Kf7 32. Rd1 Ke7 33. Re1+
Kd7 34. Rd1 Kc7 35. Ba5+ Kb8 36. Bc3 Be3 37. Bb4 Kc7 38. Ba5+ Kd7 39. Bc3 Rf8
40. Bd4 Bxd4 41. Rxd4 Rc8 42. Rd2 Rc1 43. Rd3 Kc7 44. Rd4 a5 45. b4 Kb6 46.
bxa5+ Kxa5 47. Rd2 b5 0-1

[Event "Sparkassen-Open A"]
[Site "Heusenstamm, Martinsee"]
[Date "2022.11.18"]
[Round "2.32"]
[White "Junker, Christian"]
[Black "Reschke, Thomas"]
[Result "1/2-1/2"]
[WhiteElo "1995"]
[BlackElo "2143"]
[PlyCount "32"]
[EventDate "2022.??.??"]
[WhiteTeam "SV 1926 Neu-Isenburg"]
[BlackTeam "SC Frankfurt-West"]

1. Nf3 g6 2. d3 Bg7 3. g3 d6 4. e4 e5 5. Bg2 c5 6. O-O Nc6 7. c3 Nge7 8. a3 a5
9. a4 O-O 10. Na3 h6 11. Nd2 Be6 12. Nb5 d5 13. exd5 Bxd5 14. Bxd5 Nxd5 15. Nc4
g5 16. Qb3 Rb8 1/2-1/2

[Event "Sparkassen-Open A"]
[Site "Heusenstamm, Martinsee"]
[Date "2022.11.18"]
[Round "2.33"]
[White "Haasner, Tom"]
[Black "Besou, Hussain"]
[Result "0-1"]
[WhiteElo "1990"]
[BlackElo "2106"]
[PlyCount "42"]
[EventDate "2022.??.??"]
[WhiteTeam "TSV 1869 Rottendorf"]
[BlackTeam "LSV Turm Lippstadt"]

1. d4 Nf6 2. c4 e6 3. Nc3 Bb4 4. Qc2 c5 5. dxc5 Na6 6. a3 Bxc3+ 7. Qxc3 Nxc5 8.
b4 Nce4 9. Qb2 d5 10. c5 d4 11. e3 dxe3 12. Bxe3 O-O 13. f3 Nd5 14. Bd4 Nef6
15. Bc4 a5 16. b5 e5 17. Bf2 Nf4 18. Kf1 Bf5 19. Ne2 Bd3 20. Bxd3 Qxd3 21. g3
Qxf3 0-1

[Event "Sparkassen-Open A"]
[Site "Heusenstamm, Martinsee"]
[Date "2022.11.18"]
[Round "2.34"]
[White "Papadopoulos, Ioannis"]
[Black "Udelnov, Valentin"]
[Result "1-0"]
[WhiteElo "2114"]
[BlackElo "1873"]
[PlyCount "71"]
[EventDate "2022.??.??"]
[WhiteTeam "SV Oberursel"]
[BlackTeam "Schachzwerge Magdeburg"]

1. e4 e5 2. Nf3 Nc6 3. Bc4 Bc5 4. c3 Nf6 5. d3 d6 6. O-O a6 7. a4 Ba7 8. Re1
O-O 9. h3 Ne7 10. Nbd2 Ng6 11. Nf1 c6 12. Bb3 h6 13. d4 Qe7 14. Ng3 Qc7 15. Be3
Be6 16. Bxe6 fxe6 17. dxe5 dxe5 18. Qb3 Rfe8 19. Bxa7 Rxa7 20. Rad1 Raa8 21.
Rd2 c5 22. Red1 c4 23. Qb4 Nf4 24. Qd6 Qxd6 25. Rxd6 Nd3 26. Rb6 Nd7 27. Rxb7
N7c5 28. Rc7 Nxa4 29. Nh5 Red8 30. Rxg7+ Kf8 31. g3 Nac5 32. Nh4 Rdb8 33. Ng6+
Ke8 34. Nf6+ Kd8 35. b4 cxb3 36. Rxd3+ 1-0

[Event "Sparkassen-Open A"]
[Site "Heusenstamm, Martinsee"]
[Date "2022.11.18"]
[Round "2.35"]
[White "Perske, Paul"]
[Black "Müller, Maximilian"]
[Result "1-0"]
[WhiteElo "2043"]
[BlackElo "1736"]
[PlyCount "63"]
[EventDate "2022.??.??"]
[WhiteTeam "Sfr.Heidesheim"]
[BlackTeam "SC GEMA St.Ingbert"]

1. e4 e6 2. d4 d5 3. Nd2 Nf6 4. e5 Nfd7 5. c3 c5 6. Bd3 Nc6 7. Ne2 cxd4 8. cxd4
f6 9. exf6 Nxf6 10. Nf3 Bd6 11. O-O Qc7 12. Bg5 O-O 13. Bh4 Nh5 14. Qc2 h6 15.
Bh7+ Kh8 16. Bg6 Rxf3 17. Bxh5 Rf5 18. Bg6 Rf8 19. Bg3 Bd7 20. Rac1 Bxg3 21.
hxg3 Qb6 22. Qd2 Na5 23. Bb1 Rf6 24. Nf4 Be8 25. Rfe1 Nc4 26. Qd3 g6 27. Qe2
Bf7 28. b3 Nd6 29. Qe5 Kg7 30. Bxg6 Bxg6 31. Nxe6+ Kf7 32. Rc7+ 1-0

[Event "Sparkassen-Open A"]
[Site "Heusenstamm, Martinsee"]
[Date "2022.11.18"]
[Round "2.36"]
[White "Böhmer, Thomas"]
[Black "Poschadel, Andreas Gregor"]
[Result "0-1"]
[WhiteElo "1969"]
[BlackElo "2107"]
[PlyCount "74"]
[EventDate "2022.??.??"]
[WhiteTeam "Sfr Stiller Zug Wiesbaden"]
[BlackTeam "Hamelner SV"]

1. d4 Nf6 2. c4 e6 3. Nf3 d5 4. Nc3 dxc4 5. e3 a6 6. a4 Bb4 7. Bxc4 O-O 8. O-O
b6 9. Bd2 Bb7 10. Ne4 Bxd2 11. Nexd2 Qe7 12. Qe2 c5 13. dxc5 Qxc5 14. Rac1 Qh5
15. Nd4 Qg6 16. f4 Nbd7 17. f5 exf5 18. Nxf5 Kh8 19. Nd6 Bd5 20. Bd3 Qg5 21. e4
Be6 22. Nf3 Qh5 23. h3 Nc5 24. Bc2 Rad8 25. Rfd1 Qh6 26. Qe1 Qf4 27. e5 Nd5 28.
Rd4 Qe3+ 29. Kh2 Qxe1 30. Rxe1 Ne7 31. b4 Nd7 32. Ng5 Nc6 33. Nxe6 fxe6 34. Rh4
h6 35. Bb3 Ndxe5 36. Nb7 Rd2 37. Kg1 Rff2 0-1

[Event "Sparkassen-Open A"]
[Site "Heusenstamm, Martinsee"]
[Date "2022.11.18"]
[Round "2.37"]
[White "Sandten-Ma, Ulrich"]
[Black "Vihan, Shourya"]
[Result "1/2-1/2"]
[WhiteElo "2105"]
[BlackElo "1661"]
[PlyCount "81"]
[EventDate "2022.??.??"]
[WhiteTeam "VSG 1880 Offenbach"]
[BlackTeam "SV 1934 Ffm-Griesheim"]

1. d4 d5 2. Nf3 Nf6 3. c4 e6 4. cxd5 exd5 5. Nc3 c6 6. Qc2 Nbd7 7. Bg5 Be7 8.
e3 O-O 9. Bd3 Re8 10. O-O Nf8 11. h3 Ne4 12. Bf4 Ng5 13. Bxg5 Bxg5 14. b4 a6
15. a4 Qf6 16. Ne5 Qh6 17. Bf5 Bxf5 18. Qxf5 Qf6 19. Qxf6 Bxf6 20. Nd3 b5 21.
a5 Ne6 22. g4 Nd8 23. Nc5 Be7 24. Na2 Bxc5 25. bxc5 Kf8 26. Nb4 Ke7 27. Kg2 Kd7
28. Kg3 Ne6 29. h4 Kc7 30. Rfe1 Kb7 31. Nc2 Nc7 32. f3 Re7 33. h5 Rae8 34. Rh1
Kc8 35. h6 g6 36. Rh2 Re6 37. Re2 R6e7 38. Nb4 Kb7 39. Nc2 Kc8 40. Nb4 Kb7 41.
Nc2 1/2-1/2

[Event "Sparkassen-Open A"]
[Site "Heusenstamm, Martinsee"]
[Date "2022.11.18"]
[Round "2.38"]
[White "Rönsch, Andreas"]
[Black "Kocharin, Timur"]
[Result "1/2-1/2"]
[WhiteElo "1935"]
[BlackElo "2103"]
[PlyCount "58"]
[EventDate "2022.??.??"]
[WhiteTeam "SU Mühlheim"]
[BlackTeam "TSV Schönaich"]

1. e4 c5 2. Nf3 Nc6 3. d4 cxd4 4. Nxd4 g6 5. Nc3 Bg7 6. Be3 Nf6 7. Nxc6 bxc6 8.
e5 Ng8 9. f4 Nh6 10. Qf3 O-O 11. O-O-O d5 12. h3 f6 13. exf6 exf6 14. Bc4 Bb7
15. Rhe1 Qa5 16. Bb3 Nf5 17. Bf2 Rfe8 18. Na4 Rxe1 19. Rxe1 Nd4 20. Qc3 Qxc3
21. Nxc3 Nxb3+ 22. axb3 Bh6 23. g3 Bf8 24. Na4 Bc8 25. h4 Kf7 26. Bc5 Bf5 27.
Kd2 h6 28. Bxf8 Rxf8 29. Nc5 Rc8 1/2-1/2

[Event "Sparkassen-Open A"]
[Site "Heusenstamm, Martinsee"]
[Date "2022.11.18"]
[Round "2.39"]
[White "Poysti, Nathanael"]
[Black "Plaumann, Arvin"]
[Result "1-0"]
[WhiteElo "2087"]
[BlackElo "1744"]
[PlyCount "135"]
[EventDate "2022.??.??"]
[WhiteTeam "Ottakring"]
[BlackTeam "Sfr.Heidesheim"]

1. c4 c6 2. e3 d5 3. Nf3 Nf6 4. Nc3 e6 5. d4 Nbd7 6. Bd2 Be7 7. Rc1 O-O 8. Bd3
dxc4 9. Bxc4 c5 10. O-O cxd4 11. Nxd4 Nc5 12. Qc2 e5 13. Nde2 Be6 14. Bxe6 Nxe6
15. Rfd1 Rc8 16. Ng3 Rc6 17. Nf5 Bc5 18. Be1 Qc7 19. Qa4 a6 20. Ne4 Nxe4 21.
Qxe4 g6 22. Nh6+ Kg7 23. Ng4 f6 24. Bc3 Ng5 25. Qd5 Rd6 26. Qc4 h5 27. Nxe5
Rxd1+ 28. Rxd1 fxe5 29. Rd5 Bd6 30. Qxc7+ Bxc7 31. Rd7+ Kf6 32. Rxc7 Rd8 33.
Kf1 Rd1+ 34. Ke2 Rh1 35. f4 Ne4 36. Bxe5+ Kf5 37. Rxb7 Rxh2 38. Kf3 g5 39. Rf7+
Ke6 40. Ra7 Kf5 41. fxg5 Rh1 42. Bf6 Rf1+ 43. Ke2 Rf2+ 44. Kd3 Rxg2 45. Bd4
Nxg5 46. Rxa6 h4 47. Rh6 Kg4 48. a4 h3 49. b4 Nf3 50. a5 h2 51. a6 Nh4 52. Bf6
h1=Q 53. Rxh4+ Qxh4 54. Bxh4 Kxh4 55. b5 Ra2 56. Kd4 Kg5 57. Kd5 Kf6 58. Kd6
Ra5 59. Kc6 Ke6 60. Kb6 Ra3 61. a7 Kd5 62. Kb7 Kc5 63. b6 Kb5 64. Kc7 Kc5 65.
e4 Rh3 66. b7 Rh7+ 67. Kc8 Kc6 68. b8=N+ 1-0

[Event "Sparkassen-Open A"]
[Site "Heusenstamm, Martinsee"]
[Date "2022.11.18"]
[Round "2.40"]
[White "Burg, Samuel"]
[Black "Chassard, Cedric"]
[Result "0-1"]
[WhiteElo "1676"]
[BlackElo "2041"]
[PlyCount "72"]
[EventDate "2022.??.??"]
[WhiteTeam "Spvgg Böblingen"]
[BlackTeam "SC Schwarzenbach"]

1. e4 c5 2. Nf3 d6 3. d4 cxd4 4. Nxd4 Nf6 5. Nc3 a6 6. f3 e5 7. Nb3 Be6 8. Be3
h5 9. Nd5 Bxd5 10. exd5 Nbd7 11. Be2 g6 12. Qd2 Bg7 13. O-O b6 14. f4 Ng4 15.
Bxg4 hxg4 16. g3 exf4 17. Bxf4 O-O 18. Bxd6 Re8 19. c4 Rc8 20. Nd4 Nf6 21. Bf4
Rxc4 22. Nb3 Qxd5 23. Bg5 Qxd2 24. Nxd2 Rc2 25. Bxf6 Rxd2 26. Bxg7 Kxg7 27. Rf2
Ree2 28. Raf1 Rxf2 29. Rxf2 Rxf2 30. Kxf2 Kf6 31. Ke3 Ke5 32. b3 f5 33. a3 g5
34. a4 f4+ 35. Kf2 a5 36. Ke2 Ke4 0-1

[Event "Sparkassen-Open A"]
[Site "Heusenstamm, Martinsee"]
[Date "2022.11.18"]
[Round "2.42"]
[White "Podat, Vladimir"]
[Black "Marchese, Gaspare"]
[Result "1-0"]
[WhiteElo "2255"]
[BlackElo "1803"]
[PlyCount "47"]
[EventDate "2022.??.??"]
[WhiteTeam "SC Untergrombach 46"]
[BlackTeam "SC Matt im Park Ffm"]

1. d4 Nf6 2. c4 g6 3. Nc3 Bg7 4. e4 d6 5. Be2 O-O 6. Be3 c6 7. Nf3 e5 8. O-O
Qc7 9. h3 Nbd7 10. dxe5 dxe5 11. c5 Ne8 12. b4 Ndf6 13. a4 Nh5 14. Bc4 Nf4 15.
Qb3 Qe7 16. Bxf4 exf4 17. e5 Bf5 18. Rad1 g5 19. Rfe1 Nc7 20. Ne4 Bxe4 21. Rxe4
Rfd8 22. Rd6 Ne8 23. Bxf7+ Qxf7 24. e6 1-0

[Event "Sparkassen-Open A"]
[Site "Heusenstamm, Martinsee"]
[Date "2022.11.18"]
[Round "2.43"]
[White "Röschlau, Bernd"]
[Black "Zimmer, Gerald"]
[Result "1-0"]
[WhiteElo "2214"]
[BlackElo "1922"]
[PlyCount "49"]
[EventDate "2022.??.??"]
[WhiteTeam "SC Heusenstamm"]
[BlackTeam "SC Bergen-Enkheim 1922"]

1. d4 e6 2. c4 Nf6 3. Nc3 Bb4 4. f3 d5 5. a3 Bxc3+ 6. bxc3 c5 7. cxd5 exd5 8.
e3 O-O 9. Bd3 Re8 10. Ne2 b6 11. O-O Bb7 12. Ra2 Nc6 13. g4 Na5 14. Ng3 cxd4
15. cxd4 h6 16. Rg2 Rc8 17. Nf5 Nh7 18. h4 f6 19. g5 fxg5 20. f4 Rc7 21. fxg5
hxg5 22. Qh5 Nf6 23. Qg6 Bc8 24. hxg5 Ne4 25. Nh6+ 1-0

[Event "Sparkassen-Open A"]
[Site "Heusenstamm, Martinsee"]
[Date "2022.11.18"]
[Round "2.44"]
[White "Benninger, Rudolf"]
[Black "Böhme, Sebastian"]
[Result "0-1"]
[WhiteElo "1978"]
[BlackElo "2172"]
[PlyCount "92"]
[EventDate "2022.??.??"]
[WhiteTeam "SC Heusenstamm"]
[BlackTeam "SC Erlangen 48/88"]

1. e4 c6 2. c4 d5 3. exd5 cxd5 4. cxd5 Nf6 5. Nc3 Nxd5 6. Nf3 e6 7. d4 Nxc3 8.
bxc3 Qc7 9. Bd2 Bd6 10. Bd3 Nd7 11. O-O b6 12. Re1 Bb7 13. c4 O-O 14. Ng5 Nf6
15. Rc1 Bxh2+ 16. Kf1 Bf4 17. d5 Bxd2 18. Qxd2 exd5 19. cxd5 Qd7 20. d6 h6 21.
Rc7 Bxg2+ 22. Kxg2 Qg4+ 23. Kf1 hxg5 24. Re3 Qf4 25. Rc4 Qh2 26. Rg3 Qh1+ 27.
Rg1 Qh3+ 28. Rg2 Rac8 29. Rd4 Qh1+ 30. Rg1 Qh3+ 31. Rg2 Rc5 32. Kg1 g6 33. Rg3
Qe6 34. Rxg5 Rxg5+ 35. Qxg5 Kg7 36. Bc4 Qe1+ 37. Kg2 Rh8 38. Rh4 Rxh4 39. Qxh4
Qe5 40. Bb3 Qxd6 41. Qc4 Qe7 42. f3 Nh5 43. Kf2 Qf6 44. Qa6 Qd4+ 45. Kg2 Qd2+
46. Kh3 Qf2 0-1

[Event "Sparkassen-Open A"]
[Site "Heusenstamm, Martinsee"]
[Date "2022.11.18"]
[Round "2.45"]
[White "Buchinger, Alexis"]
[Black "Foerster-Yialamas, Lucas"]
[Result "0-1"]
[WhiteElo "1774"]
[BlackElo "2125"]
[PlyCount "64"]
[EventDate "2022.??.??"]
[WhiteTeam "SF Neuberg"]
[BlackTeam "Frankfurter TV 1860"]

1. e4 c5 2. Nf3 d6 3. d4 cxd4 4. Nxd4 Nf6 5. Nc3 a6 6. Bc4 e6 7. Bb3 Be7 8. g4
h6 9. Qe2 b5 10. a3 Qc7 11. Be3 Nc6 12. f3 Bb7 13. O-O-O Rg8 14. h4 Nxd4 15.
Bxd4 Nd7 16. Kb1 Nc5 17. Ba2 Rc8 18. Rdg1 g6 19. Qe3 Na4 20. f4 e5 21. fxe5
dxe5 22. Qf2 Rf8 23. Rf1 f6 24. Nxa4 exd4 25. Be6 Rd8 26. h5 Qd6 27. Nc5 Qxc5
28. hxg6 Bxe4 29. Rxh6 d3 30. Qxc5 Bxc5 31. g7 dxc2+ 32. Ka2 Rd1 0-1

[Event "Sparkassen-Open A"]
[Site "Heusenstamm, Martinsee"]
[Date "2022.11.18"]
[Round "2.46"]
[White "Jung, Maximilian"]
[Black "Ohler, Julius"]
[Result "0-1"]
[WhiteElo "1820"]
[BlackElo "2120"]
[PlyCount "100"]
[EventDate "2022.??.??"]
[WhiteTeam "TSV Schott Mainz"]
[BlackTeam "SC ML Kastellaun"]

1. e4 c6 2. d4 d5 3. e5 Bf5 4. Nf3 e6 5. Be2 Nd7 6. O-O Ne7 7. Be3 h6 8. Nbd2
Bg6 9. c4 Nf5 10. c5 Be7 11. b4 O-O 12. Qb3 f6 13. exf6 Bxf6 14. Rad1 a6 15. a4
Qc7 16. Rfe1 Nxe3 17. Qxe3 e5 18. dxe5 Nxe5 19. Nxe5 Bxe5 20. Nf3 Rae8 21. Nxe5
Rxe5 22. Qd2 Rfe8 23. Bf3 Qe7 24. Rxe5 Qxe5 25. h3 Kh7 26. Qd4 Qxd4 27. Rxd4
Re1+ 28. Kh2 Ra1 29. a5 Rc1 30. Kg3 Rc4 31. Rxc4 dxc4 32. Kf4 c3 33. Ke3 Bf5
34. Bg4 Bxg4 35. hxg4 Kg6 36. Kd3 Kg5 37. f3 Kf4 38. Kxc3 Kg3 39. Kd4 Kxg2 40.
Ke4 Kg3 41. Ke3 Kh4 42. Kf4 g6 43. Ke5 Kg5 44. Ke4 h5 45. gxh5 gxh5 46. Ke5 h4
47. f4+ Kh6 48. f5 h3 49. f6 h2 50. f7 Kg7 0-1

[Event "Sparkassen-Open A"]
[Site "Heusenstamm, Martinsee"]
[Date "2022.11.18"]
[Round "2.47"]
[White "Buchholz, Maja Patricia"]
[Black "Leck, Gerrit"]
[Result "1-0"]
[WhiteElo "1695"]
[BlackElo "2029"]
[PlyCount "83"]
[EventDate "2022.??.??"]
[WhiteTeam "Wiesbadener SV 1885"]
[BlackTeam "SV Lahn Limburg"]

1. c4 Nf6 2. g3 g6 3. Bg2 Bg7 4. Nc3 d6 5. d4 O-O 6. Nf3 Nbd7 7. O-O e5 8. e4
c6 9. b3 Re8 10. Re1 a5 11. Ba3 Bf8 12. Qd2 Qc7 13. Rad1 Rb8 14. Bf1 Kg7 15.
Rc1 Ra8 16. Na4 h6 17. Bg2 Qb8 18. dxe5 dxe5 19. Bxf8+ Rxf8 20. c5 Qc7 21. Qc3
Ne8 22. Nd2 f6 23. Nc4 Rf7 24. Rc2 Nf8 25. Nab6 Ra7 26. Nxa5 Be6 27. b4 g5 28.
Bf1 g4 29. Rd1 Nh7 30. Bc4 Ng5 31. Bxe6 Nxe6 32. Rcd2 Nd4 33. Kg2 Kg6 34. Nb3
Ra3 35. Qc4 Rxb3 36. axb3 Ng7 37. Rxd4 exd4 38. Rxd4 Qe5 39. Nd7 Qe7 40. e5
fxe5 41. Rxg4+ Kh7 42. Nxe5 1-0

[Event "Sparkassen-Open A"]
[Site "Heusenstamm, Martinsee"]
[Date "2022.11.18"]
[Round "2.48"]
[White "John, Volkmar"]
[Black "Weil, Volker"]
[Result "0-1"]
[WhiteElo "1642"]
[BlackElo "2031"]
[PlyCount "86"]
[EventDate "2022.??.??"]
[WhiteTeam "SK Herborn 1946"]
[BlackTeam "SC Steinbach"]

1. c4 e5 2. g3 Nc6 3. Bg2 g6 4. Nc3 Bg7 5. e3 Nge7 6. Nge2 d6 7. O-O O-O 8. a3
Be6 9. d3 d5 10. cxd5 Nxd5 11. Qc2 Nce7 12. b4 c6 13. Bb2 f5 14. Nxd5 Bxd5 15.
Rfd1 Bf7 16. Rac1 Rc8 17. f4 Qb6 18. Qc5 Qxc5 19. Rxc5 exf4 20. Bxg7 Kxg7 21.
Nxf4 Rfd8 22. h4 Rd6 23. Kf2 Rcd8 24. d4 h6 25. Rdc1 g5 26. hxg5 hxg5 27. Nd3
Bd5 28. Ne5 Bxg2 29. Kxg2 Nd5 30. Kf3 g4+ 31. Ke2 Rh8 32. Rf1 Rh2+ 33. Rf2
Rxf2+ 34. Kxf2 a6 35. Rc1 Rh6 36. Nd7 Rh2+ 37. Ke1 Nxe3 38. Nc5 Nc2+ 39. Kd1
Nxd4 40. Rc3 Nf3 41. Nxb7 Rh3 42. Nd6 Kf6 43. Rxc6 Rh1+ 0-1

[Event "Sparkassen-Open A"]
[Site "Heusenstamm, Martinsee"]
[Date "2022.11.18"]
[Round "2.49"]
[White "Weiss, Matthias"]
[Black "Fechner, Andreas"]
[Result "1/2-1/2"]
[WhiteElo "2030"]
[BlackElo "1875"]
[PlyCount "93"]
[EventDate "2022.??.??"]
[WhiteTeam "SF Schöneck"]
[BlackTeam "Spvgg Böblingen"]

1. e4 e6 2. d4 d5 3. Nd2 dxe4 4. Nxe4 Nf6 5. Nxf6+ Qxf6 6. Nf3 h6 7. g3 b6 8.
Bg2 Bb7 9. O-O Bd6 10. Re1 O-O 11. c3 Rd8 12. Nd2 Bxg2 13. Kxg2 Qf5 14. Qf3
Qxf3+ 15. Kxf3 Nd7 16. Nc4 Bf8 17. Be3 c5 18. Rad1 cxd4 19. Bxd4 Rac8 20. Ne5
Nxe5+ 21. Bxe5 f6 22. Bf4 Kf7 23. Be3 Bd6 24. Rd3 Bc7 25. Red1 Ke7 26. h3 Rxd3
27. Rxd3 Rd8 28. Rxd8 Bxd8 29. g4 Kd6 30. Ke4 Be7 31. c4 Kc6 32. f3 Bd6 33. b3
Bg3 34. f4 Kd6 35. f5 e5 36. b4 Be1 37. b5 Bb4 38. a4 Bc5 39. Bc1 Bd4 40. Ba3+
Bc5 41. Bc1 Bf2 42. Kd3 Bc5 43. Bd2 Bf2 44. Bc1 Bc5 45. h4 Bf2 46. h5 Bc5 47.
Bd2 1/2-1/2

[Event "Sparkassen-Open A"]
[Site "Heusenstamm, Martinsee"]
[Date "2022.11.18"]
[Round "2.50"]
[White "Markosyan, Aleksandr"]
[Black "Stümer, Paul"]
[Result "0-1"]
[WhiteElo "1805"]
[BlackElo "2009"]
[PlyCount "88"]
[EventDate "2022.??.??"]
[WhiteTeam "SG Idstein"]
[BlackTeam "SV Bergneustadt/Dersch"]

1. e4 c5 2. Nc3 Nc6 3. Bb5 Na5 4. f4 a6 5. Be2 e6 6. Nf3 b5 7. a3 Bb7 8. d3 Nf6
9. O-O d5 10. exd5 exd5 11. Qe1 Be7 12. Bd2 Nc6 13. Qg3 b4 14. Nd1 Qc7 15. axb4
cxb4 16. Ne3 Nh5 17. Nxd5 Qd6 18. Qg4 Qxd5 19. Ne5 Nd4 20. Bd1 Nf6 21. Qg3 O-O
22. c3 Nf5 23. Qh3 g6 24. Bf3 Qb5 25. g4 Ng7 26. Be2 Bc5+ 27. Be3 Bxe3+ 28.
Qxe3 Rae8 29. d4 Qb6 30. Qd3 Nd5 31. Nd7 Qe6 32. Nxf8 Qxe2 33. Qxe2 Rxe2 34.
Nd7 bxc3 35. bxc3 Ne6 36. f5 Ndf4 37. Rfb1 Ng5 38. Rxb7 Nf3+ 39. Kf1 Nd2+ 40.
Kg1 Nh3+ 41. Kh1 Nf3 42. Rb8+ Kg7 43. f6+ Kh6 44. g5+ Kh5 0-1

[Event "Sparkassen-Open A"]
[Site "Heusenstamm, Martinsee"]
[Date "2022.11.18"]
[Round "2.51"]
[White "Hagner, Bennet"]
[Black "Weyerer, Noah"]
[Result "1-0"]
[WhiteElo "2336"]
[BlackElo "1605"]
[PlyCount "79"]
[EventDate "2022.??.??"]
[WhiteTeam "Frankfurter TV 1860"]
[BlackTeam "SV Oberursel"]

1. Nf3 e6 2. g3 d5 3. Bg2 Nf6 4. O-O Bd6 5. d4 b6 6. c4 c6 7. Nc3 O-O 8. Nd2
Bc7 9. e4 dxc4 10. Nxc4 b5 11. Ne3 b4 12. Ne2 Bb7 13. Qc2 Nbd7 14. Rd1 Nb6 15.
b3 Rc8 16. Bb2 Qe7 17. a3 a5 18. axb4 axb4 19. Qc5 Qxc5 20. dxc5 Nbd7 21. Bxf6
Nxf6 22. Ra7 Rb8 23. Nc2 Rfc8 24. Nxb4 Kf8 25. f4 Ke8 26. Nd4 Bd8 27. e5 Nd5
28. Bxd5 exd5 29. Nf5 Be7 30. Nxe7 Kxe7 31. Na6 Ke6 32. Nxb8 Rxb8 33. b4 Kd7
34. Rb1 Kc7 35. b5 Ra8 36. b6+ Kc8 37. f5 Rb8 38. e6 fxe6 39. fxe6 Kd8 40. Rf1
1-0